00385nam a22001337a 450000500170000000800410001704100230005808200130008110000230009424500390011726000370015630000330019365000250022620240823092357.0240823b |||||||| |||| 00| 0 eng d aEnglish/Afrikaans  a349 LAW  lEnglish/Afrikaans  aThe Laws of South West Africa 1976 aWindhoek: bBy Authority, c1976 bxxxvii, 271 pages; c33 cm.  aLegal practice bLaw